| 000 | 00654nam a2200205Ia 4500 | ||
|---|---|---|---|
| 003 | GCL | ||
| 008 | 140319s9999 xx 000 0 ara d | ||
| 040 |
_aGCL / _cGCL |
||
| 082 | 0 | 4 |
_a811.092 _bع ق |
| 100 | 1 | _aعبدالعليم القبانى | |
| 245 | 1 | 0 |
_aقوس قزح: ثلاث مسرحيات شعرية / _cعبدالعليم القبانى |
| 260 |
_a[S.N] : _bالهيئة المصرية العامة للكتاب ، _c1987 |
||
| 300 | _a91 ص | ||
| 490 | _a | ||
| 650 | 0 | 4 | _aالشعر العربى |
| 650 | 0 | 4 | _aالادب العربى |
| 650 | 0 | 4 | _aالشعر العاطفى |
| 650 | 0 | 4 | _aالشعر المسرحى |
| 942 |
_2ddc _cBK |
||
| 999 |
_c34797 _d34797 |
||